<?xml version="1.0" encoding="UTF-8"?>
<marc:record xmlns:marc="http://www.loc.gov/MARC21/slim" type="Bibliographic">
   <marc:leader>00000nem a2200000 c 4500</marc:leader>
   <marc:controlfield tag="001">1099736749</marc:controlfield>
   <marc:controlfield tag="003">DE-101</marc:controlfield>
   <marc:controlfield tag="005">20160620114315.0</marc:controlfield>
   <marc:controlfield tag="007">a|||||||</marc:controlfield>
   <marc:controlfield tag="008">160506s2016    sz |||||||a||   ||||ger  </marc:controlfield>
   <marc:datafield ind1=" " ind2=" " tag="015">
      <marc:subfield code="a">16,C02</marc:subfield>
      <marc:subfield code="2">dnb</marc:subfield>
   </marc:datafield>
   <marc:datafield ind1="7" ind2=" " tag="016">
      <marc:subfield code="2">DE-101</marc:subfield>
      <marc:subfield code="a">1099736749</marc:subfield>
   </marc:datafield>
   <marc:datafield ind1=" " ind2=" " tag="020">
      <marc:subfield code="a">9783905916669</marc:subfield>
      <marc:subfield code="c">: CHF 22.90</marc:subfield>
      <marc:subfield code="9">978-3-905916-66-9</marc:subfield>
   </marc:datafield>
   <marc:datafield ind1="0" ind2=" " tag="034">
      <marc:subfield code="a">a</marc:subfield>
      <marc:subfield code="d">E 010 54 51</marc:subfield>
      <marc:subfield code="e">E 011 11 39</marc:subfield>
      <marc:subfield code="f">N 046 47 01</marc:subfield>
      <marc:subfield code="g">N 046 29 26</marc:subfield>
      <marc:subfield code="9">A:acx</marc:subfield>
   </marc:datafield>
   <marc:datafield ind1="0" ind2=" " tag="034">
      <marc:subfield code="a">a</marc:subfield>
      <marc:subfield code="d">E010.914166</marc:subfield>
      <marc:subfield code="e">E011.194166</marc:subfield>
      <marc:subfield code="f">N046.783611</marc:subfield>
      <marc:subfield code="g">N046.490555</marc:subfield>
      <marc:subfield code="9">A:dcx</marc:subfield>
   </marc:datafield>
   <marc:datafield ind1=" " ind2=" " tag="035">
      <marc:subfield code="a">(DE-599)DNB1099736749</marc:subfield>
   </marc:datafield>
   <marc:datafield ind1=" " ind2=" " tag="035">
      <marc:subfield code="a">(OCoLC)950922040</marc:subfield>
   </marc:datafield>
   <marc:datafield ind1=" " ind2=" " tag="040">
      <marc:subfield code="a">1131</marc:subfield>
      <marc:subfield code="b">ger</marc:subfield>
      <marc:subfield code="c">DE-101</marc:subfield>
      <marc:subfield code="d">1165</marc:subfield>
      <marc:subfield code="e">rda</marc:subfield>
   </marc:datafield>
   <marc:datafield ind1=" " ind2=" " tag="041">
      <marc:subfield code="a">ger</marc:subfield>
      <marc:subfield code="a">eng</marc:subfield>
   </marc:datafield>
   <marc:datafield ind1=" " ind2=" " tag="043">
      <marc:subfield code="c">XA-IT-32</marc:subfield>
   </marc:datafield>
   <marc:datafield ind1=" " ind2=" " tag="044">
      <marc:subfield code="c">XA-CH</marc:subfield>
   </marc:datafield>
   <marc:datafield ind1="7" ind2="4" tag="082">
      <marc:subfield code="a">796</marc:subfield>
      <marc:subfield code="a">910</marc:subfield>
      <marc:subfield code="q">DE-101</marc:subfield>
      <marc:subfield code="2">23sdnb</marc:subfield>
   </marc:datafield>
   <marc:datafield ind1="2" ind2=" " tag="110">
      <marc:subfield code="0">(DE-588)1049678648</marc:subfield>
      <marc:subfield code="0">http://d-nb.info/gnd/1049678648</marc:subfield>
      <marc:subfield code="0">(DE-101)1049678648</marc:subfield>
      <marc:subfield code="a">Kompass Karten GmbH</marc:subfield>
      <marc:subfield code="e">Kartograf</marc:subfield>
      <marc:subfield code="4">ctg</marc:subfield>
   </marc:datafield>
   <marc:datafield ind1="0" ind2="0" tag="245">
      <marc:subfield code="a">Meran Süd</marc:subfield>
      <marc:subfield code="c">Kartografie KOMPASS-Karten GmbH</marc:subfield>
   </marc:datafield>
   <marc:datafield ind1=" " ind2=" " tag="250">
      <marc:subfield code="a">[2. überarbeitete Auflage]</marc:subfield>
   </marc:datafield>
   <marc:datafield ind1=" " ind2=" " tag="255">
      <marc:subfield code="a">1:50 000 ; Projektion: UTM 32N</marc:subfield>
   </marc:datafield>
   <marc:datafield ind1=" " ind2=" " tag="259">
      <marc:subfield code="a">12</marc:subfield>
   </marc:datafield>
   <marc:datafield ind1=" " ind2="1" tag="264">
      <marc:subfield code="a">Altstätten</marc:subfield>
      <marc:subfield code="b">Outkomm GmbH</marc:subfield>
      <marc:subfield code="c">[2016]</marc:subfield>
   </marc:datafield>
   <marc:datafield ind1=" " ind2=" " tag="300">
      <marc:subfield code="a">1 Karte</marc:subfield>
      <marc:subfield code="b">Illustrationen</marc:subfield>
      <marc:subfield code="c">67 x 45 cm, gefaltet 15 x 10 cm</marc:subfield>
   </marc:datafield>
   <marc:datafield ind1=" " ind2=" " tag="336">
      <marc:subfield code="a">kartografisches Bild</marc:subfield>
      <marc:subfield code="b">cri</marc:subfield>
      <marc:subfield code="2">rdacontent</marc:subfield>
   </marc:datafield>
   <marc:datafield ind1=" " ind2=" " tag="337">
      <marc:subfield code="a">ohne Hilfsmittel zu benutzen</marc:subfield>
      <marc:subfield code="b">n</marc:subfield>
      <marc:subfield code="2">rdamedia</marc:subfield>
   </marc:datafield>
   <marc:datafield ind1=" " ind2=" " tag="338">
      <marc:subfield code="a">Blatt</marc:subfield>
      <marc:subfield code="b">nb</marc:subfield>
      <marc:subfield code="2">rdacarrier</marc:subfield>
   </marc:datafield>
   <marc:datafield ind1="0" ind2=" " tag="490">
      <marc:subfield code="a">Supertrail map Italy</marc:subfield>
   </marc:datafield>
   <marc:datafield ind1=" " ind2="7" tag="650">
      <marc:subfield code="0">(DE-588)4198578-3</marc:subfield>
      <marc:subfield code="0">http://d-nb.info/gnd/4198578-3</marc:subfield>
      <marc:subfield code="0">(DE-101)041985788</marc:subfield>
      <marc:subfield code="a">Mountainbiking</marc:subfield>
      <marc:subfield code="2">gnd</marc:subfield>
   </marc:datafield>
   <marc:datafield ind1=" " ind2="7" tag="651">
      <marc:subfield code="0">(DE-588)4778399-0</marc:subfield>
      <marc:subfield code="0">http://d-nb.info/gnd/4778399-0</marc:subfield>
      <marc:subfield code="0">(DE-101)970983247</marc:subfield>
      <marc:subfield code="a">Meran</marc:subfield>
      <marc:subfield code="z">Region, West</marc:subfield>
      <marc:subfield code="2">gnd</marc:subfield>
   </marc:datafield>
   <marc:datafield ind1=" " ind2="7" tag="651">
      <marc:subfield code="0">(DE-588)4041390-1</marc:subfield>
      <marc:subfield code="0">http://d-nb.info/gnd/4041390-1</marc:subfield>
      <marc:subfield code="0">(DE-101)04041390X</marc:subfield>
      <marc:subfield code="a">Naturns</marc:subfield>
      <marc:subfield code="2">gnd</marc:subfield>
   </marc:datafield>
   <marc:datafield ind1=" " ind2="7" tag="651">
      <marc:subfield code="0">(DE-588)4514604-4</marc:subfield>
      <marc:subfield code="0">http://d-nb.info/gnd/4514604-4</marc:subfield>
      <marc:subfield code="0">(DE-101)954507576</marc:subfield>
      <marc:subfield code="a">Partschins</marc:subfield>
      <marc:subfield code="2">gnd</marc:subfield>
   </marc:datafield>
   <marc:datafield ind1=" " ind2="7" tag="651">
      <marc:subfield code="0">(DE-588)4118391-5</marc:subfield>
      <marc:subfield code="0">http://d-nb.info/gnd/4118391-5</marc:subfield>
      <marc:subfield code="0">(DE-101)041183916</marc:subfield>
      <marc:subfield code="a">Sankt Pankraz</marc:subfield>
      <marc:subfield code="2">gnd</marc:subfield>
   </marc:datafield>
   <marc:datafield ind1=" " ind2="7" tag="651">
      <marc:subfield code="0">(DE-588)4107402-6</marc:subfield>
      <marc:subfield code="0">http://d-nb.info/gnd/4107402-6</marc:subfield>
      <marc:subfield code="0">(DE-101)041074025</marc:subfield>
      <marc:subfield code="a">Ultental</marc:subfield>
      <marc:subfield code="2">gnd</marc:subfield>
   </marc:datafield>
   <marc:datafield ind1=" " ind2="7" tag="655">
      <marc:subfield code="0">(DE-588)4029783-4</marc:subfield>
      <marc:subfield code="0">http://d-nb.info/gnd/4029783-4</marc:subfield>
      <marc:subfield code="0">(DE-101)040297837</marc:subfield>
      <marc:subfield code="a">Karte</marc:subfield>
      <marc:subfield code="2">gnd-content</marc:subfield>
   </marc:datafield>
   <marc:datafield ind1="0" ind2="0" tag="689">
      <marc:subfield code="0">(DE-588)4778399-0</marc:subfield>
      <marc:subfield code="0">http://d-nb.info/gnd/4778399-0</marc:subfield>
      <marc:subfield code="0">(DE-101)970983247</marc:subfield>
      <marc:subfield code="D">g</marc:subfield>
      <marc:subfield code="a">Meran</marc:subfield>
      <marc:subfield code="z">Region, West</marc:subfield>
   </marc:datafield>
   <marc:datafield ind1="0" ind2="1" tag="689">
      <marc:subfield code="0">(DE-588)4041390-1</marc:subfield>
      <marc:subfield code="0">http://d-nb.info/gnd/4041390-1</marc:subfield>
      <marc:subfield code="0">(DE-101)04041390X</marc:subfield>
      <marc:subfield code="D">g</marc:subfield>
      <marc:subfield code="a">Naturns</marc:subfield>
   </marc:datafield>
   <marc:datafield ind1="0" ind2="2" tag="689">
      <marc:subfield code="0">(DE-588)4514604-4</marc:subfield>
      <marc:subfield code="0">http://d-nb.info/gnd/4514604-4</marc:subfield>
      <marc:subfield code="0">(DE-101)954507576</marc:subfield>
      <marc:subfield code="D">g</marc:subfield>
      <marc:subfield code="a">Partschins</marc:subfield>
   </marc:datafield>
   <marc:datafield ind1="0" ind2="3" tag="689">
      <marc:subfield code="0">(DE-588)4118391-5</marc:subfield>
      <marc:subfield code="0">http://d-nb.info/gnd/4118391-5</marc:subfield>
      <marc:subfield code="0">(DE-101)041183916</marc:subfield>
      <marc:subfield code="D">g</marc:subfield>
      <marc:subfield code="a">Sankt Pankraz</marc:subfield>
   </marc:datafield>
   <marc:datafield ind1="0" ind2="4" tag="689">
      <marc:subfield code="0">(DE-588)4107402-6</marc:subfield>
      <marc:subfield code="0">http://d-nb.info/gnd/4107402-6</marc:subfield>
      <marc:subfield code="0">(DE-101)041074025</marc:subfield>
      <marc:subfield code="D">g</marc:subfield>
      <marc:subfield code="a">Ultental</marc:subfield>
   </marc:datafield>
   <marc:datafield ind1="0" ind2="5" tag="689">
      <marc:subfield code="0">(DE-588)4198578-3</marc:subfield>
      <marc:subfield code="0">http://d-nb.info/gnd/4198578-3</marc:subfield>
      <marc:subfield code="0">(DE-101)041985788</marc:subfield>
      <marc:subfield code="D">s</marc:subfield>
      <marc:subfield code="a">Mountainbiking</marc:subfield>
   </marc:datafield>
   <marc:datafield ind1="0" ind2=" " tag="689">
      <marc:subfield code="5">DE-101</marc:subfield>
      <marc:subfield code="5">DE-101</marc:subfield>
   </marc:datafield>
   <marc:datafield ind1=" " ind2=" " tag="850">
      <marc:subfield code="a">DE-101a</marc:subfield>
   </marc:datafield>
   <marc:datafield ind1="r" ind2=" " tag="925">
      <marc:subfield code="a">rc</marc:subfield>
   </marc:datafield>
</marc:record>
